000 00735nam a22002177a 4500
999 _c22475
_d22475
003 AR-CdUCM
008 190409b ||||| |||| 00| 0 spa d
020 _a9786124346798
040 _aMUNICIPALIDAD PROVINCIAL DEL CUSCO
_cBIBLIOTECA MUNICIPAL DEL CUSCO
082 _a869.56/G964V
_bG964V
100 _aGutiérrez, Miguel
_95407
245 _aEl viejo saurio se retira /
_cMiguel Gutiérrez ; prólogo de Ricardo González Vigil
260 _aLima :
_bDebolsillo,
_bQuad Graphics Perú,
_c2020.
300 _a212 páginas ;
_c19 cm.
650 _aNovelas peruanas
_9545
650 _aTerrorismo
_91688
650 _aSiglo XX
_948281
700 _aGonzález Vigil, Ricardo
_eprologuista
_91199
942 _2ddc
_cLIBROS
945 _arac